Statistics for Famous People & Countries Crossword

Click here to take the quiz!

General Stats

  • This quiz has been taken 166 times
  • The average score is 32 of 54

Answer Stats

Answer % Correct
LLeonardoda Vinci
99%
MartinLuther King
96%
AlbertEinstein
95%
BBruceSpringsteen
92%
AbrahamLincoln
91%
EElvisPresley
90%
AmyWinehouse
89%
BBobMarley
87%
IIsaacNewton
83%
NNapoleonBonaparte
83%
OOscarWilde
82%
AudreyHepburn
80%
BenedictCumberbatch
78%
PabloEscobar
78%
LLionelMessi
77%
UUmaThurman
77%
AmeliaEarhart
77%
TTinaTurner
75%
Ludwigvan Beethoven
75%
HeathLedger
75%
CristianoRonaldo
73%
HHarryS. Truman
71%
RRobinsonCrusoe
70%
HHelenaBonham Carter
67%
AngelaMerkel
67%
AAgathaChristie
64%
IvankaTrump
63%
IIanMcKellen
63%
NNicoleScherzinger
61%
SimónBolívar
59%
TTimBurton
58%
Ottovon Bismarck
53%
CHAD
50%
AAndreaBocelli
50%
ZZlatanIbrahimović
49%
AAlexandreDumas
49%
LAOS
47%
NaomiCampbell
46%
IImmanuelKant
45%
ZAMBIA
42%
BHUTAN
39%
ZacharyTaylor (president)
39%
BRAZIL
38%
NNinaSimone
37%
IRAN
35%
DanteAlighieri
33%
RRomeoMontague
32%
JohannesGutenberg
32%
JAPAN
31%
CHILE
30%
CCharlesBaudelaire
23%
TONGA
20%
AArthurRimbaud
18%
GGiovanniBoccaccio
13%

Score Distribution

Percentile by Number Answered

Percent of People with Each Score

Your Score History

You have not taken this quiz